000 00523nam a2200181Ia 4500
003 OSt
005 20260128155935.0
008 210210b1964 xxu||||| |||| 00| 0 eng d
040 _cAL
041 _aKannada
082 _a853/475
100 _aSHRIKANTAYYA (A R)
_9161972
_dಶ್ರೀಕಂಠಯ್ಯ (ಎ ಆರ್)
245 _aKashmira yatre:
_bಕಾಶ್ಮೀರ ಯಾತ್ರೆ
260 _aBengaluru
_bH N Rao Brothers
_c1964
690 _aKannada Drama
_9161973
906 _a019749
942 _2ddc
_cBK
999 _c143890
_d143890